[Event "COL-ch disabled 2nd"]
[Site "Cali"]
[Date "2008.10.27"]
[Round "5.1"]
[White "Molina, Gildardo"]
[Black "Orozco, Walfranb"]
[Result "1-0"]
[WhiteElo "1917"]
[BlackElo "1634"]
[PlyCount "29"]
[EventDate "2008.10.25"]
[EventType "swiss"]
[EventRounds "7"]
[EventCountry "COL"]
[SourceTitle "EXT 2024"]
[Source "ChessBase"]
[SourceDate "2023.10.10"]
[SourceVersion "1"]
[SourceVersionDate "2023.10.10"]
[SourceQuality "1"]

1. e4 e5 2. Nf3 Nc6 3. Bc4 Bc5 4. c3 h6 5. d4 exd4 6. cxd4 Be7 7. Qb3 Bb4+ 8. Nc3 Qe7 9. 0-0 Na5 10. Bxf7+ Qxf7 11. Qxb4 Nc6 12. Qa4 Nge7 13. Nb5 Kd8 14. d5 Qf6 15. dxc6 1-0